Por amor y coraje : mujeres en movimientos urbanos de la ciudad de México /
Obra sobre la participación de las mujeres urbanas mexicanas en las movilizaciones sociales. La obra comienza por poner de manifiesto que tanto el movimiento de liberación de la mujer como las movilizaciones estudiantiles modificaron los acercamiento académicos a los movimientos sociales. Plantea lu...
Gardado en:
| Autor Principal: | |
|---|---|
| Formato: | Libro |
| Idioma: | Lingua castelá |
| Publicado: |
México :
El Colegio de México, Programa Interdisciplinario de Estudios de la Mujer,
1992, c1992
|
| Temas: | |
| Etiquetas: |
Sen Etiquetas, Sexa o primeiro en etiquetar este rexistro!
|
MARC
| LEADER | 00000nam^a2200000^a^4500 | ||
|---|---|---|---|
| 001 | 000092643 | ||
| 005 | 20250521000000.0 | ||
| 009 | 20260310092731.496 | ||
| 020 | |a 968-12-0525-1 | ||
| 037 | |a Acervo ITESO - Biblioteca | ||
| 041 | |a ESP | ||
| 082 | |a 305. 420972532 |b MAS | ||
| 100 | |a Massolo, Alejandra |e (autor) | ||
| 245 | 1 | 0 | |a Por amor y coraje : |b mujeres en movimientos urbanos de la ciudad de México / |c A. Massolo ; presen. de Elena Urrutia. |
| 264 | 4 | |a México : |b El Colegio de México, Programa Interdisciplinario de Estudios de la Mujer, |c 1992, c1992 | |
| 300 | |a 418 p. | ||
| 336 | |a texto |b txt |2 rdacontenido | ||
| 337 | |a sin mediación |b n |2 rdamedio | ||
| 338 | |a volumen |b nc |2 rdasoporte | ||
| 520 | |a Obra sobre la participación de las mujeres urbanas mexicanas en las movilizaciones sociales. La obra comienza por poner de manifiesto que tanto el movimiento de liberación de la mujer como las movilizaciones estudiantiles modificaron los acercamiento académicos a los movimientos sociales. Plantea luego la perspectiva y crítica feminista y el replanteamiento metodológico derivado de ella, así como la revaloración del uso de las historias de vida. Después, con este enfoque metodológico ofrece el testimonio de cuatro mujeres. | ||
| 649 | |a XX | ||
| 650 | |a Mujeres Mexicanas | ||
| 650 | |a Género | ||
| 650 | |a Feminismo - |z México | ||
| 650 | |a Movimientos Urbano-Populares - |z México | ||
| 650 | |a Movimientos Sociales - |z México | ||
| 650 | |a Historias de Vida | ||
| 650 | |a Metodología Cualitativa | ||
| 650 | |a Sociología Urbana | ||
| 650 | |a Política - |z México - |x Historia | ||
| 910 | |a Fondo General | ||
| 920 | |a Impresos - Libros | ||
| 930 | |a Colección General | ||
| 905 | |a 101 | ||
| 901 | |a 0500022236 |b IT1 |c ACC |u 20250521 | ||
| 902 | |a https://opac.biblio.iteso.mx/vufind/Record/000092643 | ||